000 00557nam a2200181Ia 4500
008 090124s9999 xx 000 0 und d
082 _b20649
100 _aमाडखोलकर ग. त्र्य.
245 _a श्रध्दांजली
250 _a1
260 _c1974
300 _a44+175
600 _aमाडखोलकर ग. त्र्य.
630 _a श्रध्दांजली
700 _aमाडखोलकर ग. त्र्य.
730 _a श्रध्दांजली
942 _cBOOK
999 _c134453
_d134453